Motor Vehicule Brands - Statistics

General Stats
  • This quiz has been taken 62 times
  • The average score is 36 of 85
Answer Stats
Country Speciality Answer % Correct
Italy Sports & Luxury Cars Ferrari
93%
Germany Luxury Cars BMW
85%
United States Performance & Luxury cars & Commercial Vehicles Ford
83%
Italy Luxury Sport Cars, SUVs & Tractors Lamborghini
83%
Germany Luxury Cars & Commercial Vehicules Mercedes
83%
Japan Cars Toyota
80%
Japan Cars, Luxury Cars, Commercial Vehicles & Bikes Honda
78%
France Cars & Commercial Vehicles Peugeot
76%
United States Electric Cars Tesla
73%
France High Performance Cars Bugatti
71%
South Korea Cars Hyundai
71%
Germany Luxury Cars Audi
68%
France Cars & Commercial Vehicles Renault
68%
United Kingdom Luxury Cars Rolls-Royce
68%
United States Mainstream Vehicles Chevrolet
66%
Italy Electric Cars & Cars Fiat
66%
Japan Cars, Luxury Cars & Commercial Vehicles Nissan
66%
Germany Cars Volkswagen
66%
Sweden Trucks & Buses Volvo
66%
Germany Luxury High Performance Sport Cars & SUVs Porsche
63%
United Kingdom Luxury & Sport Cars Aston Martin
61%
United Kingdom Luxury Cars Bentley
61%
United States Luxury Cars Cadillac
61%
Japan Luxury & Performance Cars Lexus
61%
Japan Bikes Yamaha
61%
Italy Luxury Cars Alfa Romeo
59%
France Cars & Commercial Vehicles Citroen
59%
United States Cars, SUVs & Vans/Minivans Dodge
56%
France Sport Cars Alpine
54%
South Korea Cars & Commercial Vehicles Kia
54%
United Kingdom Luxury Cars, SUVs & Off-Road Vehicles Land-Rover
54%
Japan Cars, Commercial Vehicles & SUVs Mitsubishi
54%
Japan Cars, Bikes & Engines Suzuki
54%
Italy Luxury Cars Maserati
51%
Japan Performance Cars Acura
49%
Japan Bikes Kawasaki
49%
United Kingdom Small Cars Mini
49%
Czechia Cars & Electric Cars Skoda
49%
United Kingdom Luxury Sport & Electric Cars Lotus
46%
Japan Motor Vehicles & Engines Mazda
46%
United Kingdom Sport Cars McLaren
46%
Germany Cars, Electric Cars & Commercial Vehicles Opel
46%
United States Sport Cars Corvette
44%
Italy Bikes Ducati
44%
Japan Cars & Off-Road Sport Cars Subaru
41%
Italy Scooters Vespa
41%
Italy Sport Cars Pagani
39%
United Kingdom Luxury & Sport Cars Jaguar
37%
United States Luxury Cars Lincoln
37%
Germany Electric Vehicles Smart
37%
United States Luxury Cars Chrysler
34%
United States Cars, Commercial Vehicles & Trucks GMC
34%
United States SUVs & Luxury Cars Jeep
34%
United States Sport Cars Mustang
34%
United States Luxury Cars Buick
32%
Romania Cars & Commercial Vehicles Dacia
32%
Germany Luxury Vehicles Maybach
32%
Italy Cars Lancia
29%
United States Trucks & Vans Ram
29%
Italy Race & Road Cars Abarth
27%
Japan Luxury & Performance Cars Infiniti
27%
United Kingdom Cars & Commercial Vehicles Vauxhall
27%
Japan Cars & Engines Daihatsu
24%
Sweden High Performance Sport Cars Koenigsegg
24%
Croatia Electric Sport Cars Rimac
24%
United States Mainstream Cars Pontiac
22%
Sweden Commercial Vehicules Scania
22%
United Kingdom Sport Cars MG
20%
United Kingdom Motor Cars Morgan
15%
United States High Performance Cars Shelby
15%
South Korea Luxury Vehicles Genesis
10%
Japan Commercial Vehicles Isuzu
10%
Sweden Electric Cars Polestar
10%
United States Electric Cars Rivian
10%
France Luxury Vehicles DS Automobile
7%
France MicroCars Ligier
7%
United States Heavy-Duty & Medium-Duty Commercial Vehicles Mack
7%
Germany Luxury Cars Mansory
7%
United Kingdom Cars & Bikes Ariel
5%
Unites States Heavy-Duty & Medium-Duty Commercial Vehicles Freightliner
5%
France Sport Cars PGO
5%
France Electric Cars Venturi
5%
Germany Convertible Cars Wiesmann
5%
United States Heavy-Duty & Medium-Duty Commercial Vehicles Peterbilt
2%
United Kingdom Limited Production Cars David Brown
0%
No matching quizzes found
Score Distribution
Percent of People with Each Score
Percentile by Number Answered
Your Score History
You have not taken this quiz